000 00574 a2200169 4500
999 _c7522
_d7522
020 _a9788183712637
050 _aHF 5387 ARA 2010
100 _aAranganathan, T
_eeditor
245 _aSocial and human resource developmental issues in contemporary issues /
_cT. Aranganathan, Vijayarani K. Elangovan R...[et al]
264 _aIndia :
_bScitech,
_c2010
300 _a949p.
_bill.
500 _aIncludes bibliographical references
650 _aHuman resource management
700 _aVijayarani K
_eeditor
700 _aElangovan R.
_eeditor
942 _2lcc
_cBK
_h5387
_iARA
_kHF